000 00625nam a2200205Ia 4500
001 5693
003 GE_BSU
008 181216s||||||||xx |||||||||||||| ||und||
040 _cGE_BSU
080 _a530.1
100 _aАдлер С., Дашен Р.,
245 _aАлгебры токов и их применение в физике частиц
245 _cПод ред. Л.Д.Соловьева пер. с англ.
260 _aМосква
260 _bМир
260 _c1970
300 _a435с. 20 см.
653 _aАлгебры токов и их применение в физике
942 _cBK
999 _c39113
_d39113